476 mẫu soạn thảo mới nhất: Văn bản hành chính, quản lý hợp đồng kinh tế, dân sự

Guardat en:
Dades bibliogràfiques
Autor principal: Lê Thành Châu
Format: Llibre
Idioma:Undetermined
Publicat: H. CTQG
Matèries:
Etiquetes: Afegir etiqueta
Sense etiquetes, Sigues el primer a etiquetar aquest registre!
Thư viện lưu trữ: Trung tâm Học liệu Trường Đại học Cần Thơ
LEADER 00594nam a2200181Ia 4500
001 CTU_57951
008 210402s9999 xx 000 0 und d
020 |b 135000 
082 |a 651.74 
082 |b Ch125 
100 |a Lê Thành Châu 
245 0 |a 476 mẫu soạn thảo mới nhất: Văn bản hành chính, quản lý hợp đồng kinh tế, dân sự 
245 0 |c Lê Thành Châu 
260 |a H. 
260 |b CTQG 
650 |a commercial correspondence,contracts,act of state 
904 |i Minh 
980 |a Trung tâm Học liệu Trường Đại học Cần Thơ